000 00516nam a2200217Ia 4500
003 0100
008 130307s9999 xx 000 0 und d
040 _cARRUPELIB
050 _aB945.D41R17 1939
245 _aIntelligence in the modern world
245 _bJohn Dewey's philosophy
260 _aNew York
260 _bThe Modern Library
260 _c1939
300 _a1077p.
300 _b21cm.
440 _aThe modern library
650 _aPHILOSOPHY
700 _aRatner, Joseph (ed.)
942 0 0 _01
999 _c84751
_d84751